Lectures on the present position of catholics in England (Registro nro. 305867)

Detalles MARC
000 -ENCABEZADO
Número de control [NR] 02227nam a22003017a 4500
005 - FECHA Y HORA DE LA ÚLTIMA TRANSACCIÓN
control field 20170201135045.0
008 - DE LONGITUD FIJA DE DATOS DE ELEMENTOS - INFORMACIÓN GENERAL
Elementos de longitud fija [NR] 130821n enk fr eng d
040 ## - FUENTE DE CATALOGACION [NR]
Agencia de catalogación original [NR] Co-BoUCM
Idioma de catalogación [NR] spa
Quien Cataloga Sandra Yazo
Quien Clasifica Sandra Yazo
041 00 - CODIGO DE IDIOMA [R]
Código de idioma para texto/pista de sonido o título separado [R] Inglés
082 ## - NUMERO DE CLASIFICACION DECIMAL DEWEY [R]
Número de clasificación [R] 282.0942
Número de la edición [NR] 20
092 ## - SIGNATURA TOPOGRAFICA LOCAL
Número de clasificación local E42N010
100 1# - ASIENTO PRINCIPAL--NOMBRE PERSONAL [NR]
Nombre personal [NR] Newman, John Henry
Fechas asociadas con el nombre [NR] 1801-1890
ID Autoridad 71640
242 00 - TRADUCCION DEL TITULO POR LA AGENCIA CATALOGADORA [R]
Título [NR] Conferencias sobre la situación actual de los católicos en Inglaterra,
Parte restante del título [NR] dirigidas a los Hermanos del Oratorio en el verano de 1851
Mención de responsabilidad, etc. [NR] por John Henry Newman
Código de idioma del título traducido [NR] spa
245 00 - MENCION DE TITULO [NR]
Título [NR] Lectures on the present position of catholics in England
Parte restante del título [NR] adressed to the Brothers of the Oratory in the Summer of 1851
Mención de responsabilidad, etc. [NR] by John Henry Newman
250 ## - MENCION DE EDICION [NR]
Mención de edición [NR] Fifth Edition [Quinta edición]
260 ## - PUBLICACION, DISTRIBUCION, ETC. (PIE DE IMPRENTA) [R]
Lugar de publicación, distribución, etc. [R] London [Londres] (Inglaterra)
Nombre del editor, distribuidor, etc. [R] Burns, Oates, & Company
Fecha de publicación, distribución, etc. [R] [fecha desconocida]
300 ## - DESCRIPCION FISICA [R]
Extensión [R] xiii, 416 páginas
Dimensiones [R] 19 x 13 xcm
500 ## - NOTA GENERAL [R]
Nota general [NR] Detalles físicos: Encuadernación rígida en cartón duro forrado en tela texturizada. Lomo con adornos en dorado. Tapas con recuadro repujado en los bordes y en el centro. Guardas, la delantera con una raspadura. Anteportada. Portada impresa en una sola tinta, con algunos impresos en caracteres góticos. Texto impreso en una sola columna. Nota al pie de página. Hojas con bordes irregulares y manchados. Índice. Lomo con manchas por cinta pegante
505 0# - NOTA DE CONTENIDO CON FORMATO PREESTABLECIDO [R]
Nota de contenido con formato preestablecido [NR] La perspectiva protestante sobre la Iglesia Católica ; Tradición que apoya la validez y fuerza de esta perspectiva protestante ; Debilidad de las bases de dicha perspectiva ; Testimonios sobre la insuficiencia del punto de vista protestante ; Las inconsistencias lógicas ; Los prejuicios vitales ; Los supuestos principios intelectuales de esta perspectiva protestante ; La ignorancia respecto a los católicos ; Responsabilidad de los católicos ante estos puntos de vista protestantes
506 ## - NOTA DE RESTRICCIONES DE ACCESO [R]
Condiciones de acceso [NR] Consulta en sala
546 ## - NOTA DE IDIOMA [R]
Nota de idioma [NR] Texto en inglés
650 #7 - ASIENTO SECUNDARIO DE MATERIA - TERMINO TEMATICO [R]
Término temático o nombre geográfico como elemento de entrada [NR] Católicos
Subdivisión geográfica [R] Inglaterra
9 (RLIN) 10612
650 #7 - ASIENTO SECUNDARIO DE MATERIA - TERMINO TEMATICO [R]
Término temático o nombre geográfico como elemento de entrada [NR] Apologética
9 (RLIN) 9245
650 #7 - ASIENTO SECUNDARIO DE MATERIA - TERMINO TEMATICO [R]
Término temático o nombre geográfico como elemento de entrada [NR] Oratoria
Subdivisión de forma [R] Ensayos, conferencias, etc.
9 (RLIN) 20798
690 ## - ASUNTO AGREGADO LOCAL DE ENTRADA - TÉRMINO TEMÁTICO (OCLC, RLIN)
Acceso temático local Teología
9 (RLIN) 25230
856 41 - LOCALIZACION Y ACCESO ELECTRONICOS [R]
Identificador Uniforme del Recurso (“URI”) [R] <a href="https://archive.org/stream/a2454789smrn00newmuoft#page/n5/mode/2up">https://archive.org/stream/a2454789smrn00newmuoft#page/n5/mode/2up</a>
Nota dirigida al público [R] Disponible edición de 1891
942 ## - ELEMENTOS DE ENTRADA AGREGADOS (KOHA)
Tipo de ítem principal el descrito en 300a Libro
Edición 5
Sistema de clasificación LOCAL
Clasificación E42N010
Existencias
Suprimido Perdido Sistema de clasificación Dañado No prestable Tipo de ítem específico Ubicación habitual Ubicación actual Localización Fecha de creación Forma de adquisición Costo Total préstamos Signatura topográfica Código de barras Última vez visto Ejemplar Price effective from Tipo de ítem
    LOCAL     Libro archivo Archivo Histórico Archivo Histórico Archivo histórico 01/02/2017 Donación 0.00   E42N010 L006094 01/02/2017 Ej.1 01/02/2017 Libro